000
00304nam a2200121Ia 4500
008
230907s9999||||xx |||||||||||||| ||und||
082
_a
628.5
_b
ALL,
100
_a
Allan K.
_9
115357
245
0
_a
Environmental biotechnology
260
_a
CBS publishers
_b
New Delhi
_c
2016
300
_a
597p.
942
_c
BK
999
_c
598231
_d
598231